| 000 | 00679nam a2200229 a 4500 | ||
|---|---|---|---|
| 001 | BRCA_8156 | ||
| 005 | 20190320210145.0 | ||
| 008 | 020514s1960----mx-a###f##---#000-0#spa-# | ||
| 041 | _aspa | ||
| 044 | _amx | ||
| 050 | 4 |
_aPN6161 _b.E8 |
|
| 100 | 1 |
_aEspinosa Porset, Ernesto _99276 |
|
| 245 | 1 | 0 |
_aLa vida en broma _b...y otras cosas _cErnesto Espinosa Porset. |
| 260 |
_aMéxico _bBanxico _c1960 |
||
| 300 |
_a291 p. _bil. _c19 cm. |
||
| 500 | _aDedicatoria del autor al señor Franz Mayer | ||
| 500 | _aX54 | ||
| 520 | 3 | _aRecopilación de diversos capítulos publicados por Banxico | |
| 650 | 1 | 4 |
_aHumorismo mexicano _vPublicaciones _920325 |
| 902 | _aGFM | ||
| 942 |
_2lcc _cB |
||
| 999 |
_c7824 _d7824 |
||